[Event "Liga Madrileña - DH 2012-2013"]
[Site "Madrid ESP"]
[Date "2013.01.20"]
[Round "6.16"]
[White "Fernandez Garcia, Miguel Angel"]
[Black "Alvarez Abejon, Amilcar"]
[Result "1-0"]
[WhiteElo "2307"]
[BlackElo "2095"]
[PlyCount "55"]
[EventDate "2012.11.18"]
[EventRounds "14"]
[EventCountry "ESP"]
[Source "lmi"]
[SourceDate "2012.11.18"]
[WhiteTeam "Amigos del Retiro"]
[BlackTeam "Pueblo Nuevo"]
[WhiteTeamCountry "ESP"]
[BlackTeamCountry "ESP"]

1. d4 d5 2. c4 e6 3. Nf3 c5 4. cxd5 exd5 5. g3 Nc6 6. Bg2 Nf6 7. O-O Be7 8. Nc3
O-O 9. Bg5 c4 10. Ne5 Be6 11. b3 Qa5 12. Nxc6 bxc6 13. Na4 Rac8 14. Qc2 h6 15.
Bd2 Qa6 16. bxc4 dxc4 17. e4 Rb8 18. Rfe1 Ba3 19. Bc3 Rfd8 20. Bf1 Nd7 21. f4
Nb6 22. Nc5 Bxc5 23. dxc5 Na4 24. f5 Bd7 25. Be5 Rbc8 26. Bxc4 Qa5 27. Bxf7+
Kh8 28. Bd6 1-0

[Event "Liga Madrileña - DH 2012-2013"]
[Site "Madrid ESP"]
[Date "2013.01.20"]
[Round "6.21"]
[White "Anton Guijarro, David"]
[Black "Moreno Trujillo, Alejandro"]
[Result "1-0"]
[WhiteElo "2559"]
[BlackElo "2509"]
[PlyCount "125"]
[EventDate "2012.11.18"]
[EventRounds "14"]
[EventCountry "ESP"]
[Source "lmi"]
[SourceDate "2012.11.18"]
[WhiteTeam "Virgen de Atocha"]
[BlackTeam "64 Villalba"]
[WhiteTeamCountry "ESP"]
[BlackTeamCountry "ESP"]

1. d4 Nf6 2. Nf3 d5 3. c4 c6 4. Nc3 e6 5. g3 dxc4 6. Bg2 b5 7. O-O Bb7 8. e4
Be7 9. Bg5 h6 10. Bxf6 Bxf6 11. e5 Be7 12. Nh4 Qb6 13. Qg4 g6 14. Qe4 Rg8 15.
Qe3 Nd7 16. Rfd1 Bg5 17. Qe2 a6 18. Nf3 Be7 19. Qe3 Rh8 20. Nd2 Kf8 21. b3 cxb3
22. Nxb3 Kg7 23. Ne4 Qc7 24. Rac1 Rad8 25. Nbc5 Nxc5 26. Nxc5 a5 27. h4 h5 28.
Qf4 Qb6 29. Kh2 Rhf8 30. Be4 Bc8 31. Kg2 a4 32. Qf3 Bd7 33. Nxd7 Rxd7 34. Rxc6
Qb8 35. Qf4 Rfd8 36. d5 exd5 37. Bb1 Rf8 38. g4 Rh8 39. Rf6 Qf8 40. Bxg6 fxg6
41. Rxf8 Rxf8 42. Qg3 hxg4 43. Qxg4 Rf5 44. Rc1 Bd8 45. Rc6 Rdf7 46. Rxg6+ Kf8
47. f4 Ke7 48. Kg3 Ba5 49. Rd6 Be1+ 50. Kf3 Bf2 51. Rc6 Rxf4+ 52. Qxf4 Rxf4+
53. Kxf4 Bxh4 54. Rb6 Be1 55. Rxb5 d4 56. Ke4 Bc3 57. a3 Ba1 58. Rb7+ Ke6 59.
Rb6+ Ke7 60. Kd3 Kd7 61. Ra6 Bb2 62. Rxa4 Ke6 63. Ra5 1-0

[Event "Liga Madrileña - DH 2012-2013"]
[Site "Madrid ESP"]
[Date "2013.01.20"]
[Round "6.22"]
[White "Huerga Leache, Mikel"]
[Black "Arribas Lopez, Angel"]
[Result "1/2-1/2"]
[WhiteElo "2450"]
[BlackElo "2477"]
[PlyCount "24"]
[EventDate "2012.11.18"]
[EventRounds "14"]
[EventCountry "ESP"]
[Source "lmi"]
[SourceDate "2012.11.18"]
[WhiteTeam "64 Villalba"]
[BlackTeam "Virgen de Atocha"]
[WhiteTeamCountry "ESP"]
[BlackTeamCountry "ESP"]

1. d4 Nf6 2. c4 e6 3. Nc3 Bb4 4. e3 O-O 5. Nge2 Re8 6. a3 Bf8 7. g3 d5 8. Bg2
dxc4 9. Qa4 c5 10. dxc5 Nbd7 11. O-O Nxc5 12. Qxc4 e5 1/2-1/2

[Event "Liga Madrileña - DH 2012-2013"]
[Site "Madrid ESP"]
[Date "2013.01.20"]
[Round "6.23"]
[White "Almagro Llanas, Pablo"]
[Black "Bolado Saez, Sergio"]
[Result "1-0"]
[WhiteElo "2442"]
[BlackElo "2388"]
[PlyCount "95"]
[EventDate "2012.11.18"]
[EventRounds "14"]
[EventCountry "ESP"]
[Source "lmi"]
[SourceDate "2012.11.18"]
[WhiteTeam "Virgen de Atocha"]
[BlackTeam "64 Villalba"]
[WhiteTeamCountry "ESP"]
[BlackTeamCountry "ESP"]

1. d4 d5 2. c4 c6 3. Nf3 Nf6 4. Nc3 a6 5. e3 b5 6. b3 Bg4 7. Be2 e6 8. O-O Nbd7
9. Bb2 Bd6 10. h3 Bxf3 11. Bxf3 bxc4 12. bxc4 Rb8 13. Rb1 Qa5 14. c5 Bc7 15.
Qd3 e5 16. Be2 O-O 17. Ba1 Rxb1 18. Rxb1 exd4 19. exd4 Ra8 20. Qc2 Re8 21. Bf1
Bb8 22. Rb7 Re1 23. Nd1 Bh2+ 24. Kxh2 Rxf1 25. Bc3 Qd8 26. Qe2 Qc8 27. Rb3 Qc7+
28. g3 Rxd1 29. Qxd1 Ne4 30. Be1 Ndf6 31. Qe2 h5 32. Qxa6 Qd7 33. Qb7 Qe6 34.
Qb8+ Kh7 35. Qe5 Qc8 36. f3 Qa6 37. Re3 Qxa2+ 38. Kg1 Nd2 39. Qf5+ Kg8 40. Qc8+
Kh7 41. Qf5+ Kg8 42. Re2 Qa1 43. Qc8+ Kh7 44. Qf5+ Kg8 45. Kg2 Nb3 46. Bf2 Qa6
47. Rb2 Qc4 48. Qb1 1-0

[Event "Liga Madrileña - DH 2012-2013"]
[Site "Madrid ESP"]
[Date "2013.01.20"]
[Round "6.24"]
[White "Renteria Becerra, Jorge Elicer"]
[Black "Rubio Mejia, Luis Ignacio"]
[Result "0-1"]
[WhiteElo "2300"]
[BlackElo "2432"]
[PlyCount "112"]
[EventDate "2012.11.18"]
[EventRounds "14"]
[EventCountry "ESP"]
[Source "lmi"]
[SourceDate "2012.11.18"]
[WhiteTeam "64 Villalba"]
[BlackTeam "Virgen de Atocha"]
[WhiteTeamCountry "ESP"]
[BlackTeamCountry "ESP"]

1. d4 Nf6 2. Nf3 e6 3. Bf4 c5 4. e3 Be7 5. c3 b6 6. Nbd2 Bb7 7. Be2 Nh5 8. Bg3
cxd4 9. exd4 Nxg3 10. hxg3 d6 11. Bd3 g6 12. Be4 Qc7 13. Qe2 Nd7 14. Bd3 a6 15.
a4 Nf6 16. Nc4 Nd5 17. Qd2 Bf6 18. Ng5 h5 19. g4 hxg4 20. Rxh8+ Bxh8 21. Ne4
O-O-O 22. Qg5 f5 23. Nexd6+ Rxd6 24. Nxd6+ Qxd6 25. g3 e5 26. dxe5 Bxe5 27.
O-O-O Qf6 28. Qd2 Nc7 29. Re1 Ne6 30. a5 Nc5 31. Bc2 bxa5 32. Qe3 Ne4 33. Bxe4
Bxe4 34. Qc5+ Kb7 35. Qxa5 Bc7 36. Qb4+ Qb6 37. Rxe4 fxe4 38. Qxe4+ Qc6 39.
Qxg4 Bb6 40. Qf4 Qh1+ 41. Kd2 Qd5+ 42. Ke2 Qb5+ 43. Kf3 Qxb2 44. Qe4+ Kc7 45.
Qe5+ Kc6 46. Qf6+ Kb7 47. Qf7+ Bc7 48. Qd5+ Ka7 49. Qf7 Qxc3+ 50. Kg4 Qc6 51.
f4 a5 52. Qb3 a4 53. Qb4 Bb6 54. Kg5 Qd5+ 55. Kh6 Bd8 56. Kh7 Qb7+ 0-1

[Event "Liga Madrileña - DH 2012-2013"]
[Site "Madrid ESP"]
[Date "2013.01.20"]
[Round "6.25"]
[White "Rabadan Velasco, Raul"]
[Black "Rioboo de la Riva, Alvaro"]
[Result "0-1"]
[WhiteElo "2310"]
[BlackElo "2233"]
[PlyCount "110"]
[EventDate "2012.11.18"]
[EventRounds "14"]
[EventCountry "ESP"]
[Source "lmi"]
[SourceDate "2012.11.18"]
[WhiteTeam "Virgen de Atocha"]
[BlackTeam "64 Villalba"]
[WhiteTeamCountry "ESP"]
[BlackTeamCountry "ESP"]

1. d4 Nf6 2. Nf3 g6 3. c4 Bg7 4. Nc3 O-O 5. e4 d6 6. h3 Nc6 7. d5 Ne5 8. Bg5 h6
9. Be3 Nxf3+ 10. gxf3 e5 11. Qd2 Kh7 12. O-O-O b6 13. f4 exf4 14. Bxf4 a6 15.
Bd3 Bd7 16. Be3 Re8 17. f3 Qe7 18. Rde1 b5 19. Rhg1 Nh5 20. Ne2 Rab8 21. Nd4
Qe5 22. cxb5 axb5 23. Kb1 Qf6 24. Rc1 Rb7 25. Rc2 Nf4 26. Bf1 Nxd5 27. exd5
Rxe3 28. Qxe3 Qxd4 29. Qxd4 Bxd4 30. Rg4 Bxg4 31. fxg4 b4 32. Ba6 Rb6 33. Bd3
b3 34. Rxc7 bxa2+ 35. Kxa2 Rxb2+ 36. Ka3 Kg7 37. Rd7 Rh2 38. Bf1 Rh1 39. Bb5
Rxh3+ 40. Ka2 Be5 41. Re7 Kf6 42. Rb7 Rf3 43. Be8 Kg7 44. Kb1 h5 45. gxh5 gxh5
46. Rb4 Kh6 47. Kc2 Kg5 48. Kd1 f5 49. Ke2 Ra3 50. Rb1 h4 51. Rg1+ Bg3 52. Rd1
f4 53. Kf1 f3 54. Bd7 Re3 55. Be6 f2 0-1

[Event "Liga Madrileña - DH 2012-2013"]
[Site "Madrid ESP"]
[Date "2013.01.20"]
[Round "6.26"]
[White "Bermejo Arruego, Luis"]
[Black "Fernandez Barrera, Victor"]
[Result "1/2-1/2"]
[WhiteElo "2216"]
[BlackElo "2312"]
[PlyCount "46"]
[EventDate "2012.11.18"]
[EventRounds "14"]
[EventCountry "ESP"]
[Source "lmi"]
[SourceDate "2012.11.18"]
[WhiteTeam "64 Villalba"]
[BlackTeam "Virgen de Atocha"]
[WhiteTeamCountry "ESP"]
[BlackTeamCountry "ESP"]

1. e4 c5 2. Nf3 Nc6 3. Bb5 e6 4. O-O Nge7 5. Re1 a6 6. Bf1 g6 7. c3 Bg7 8. d4
cxd4 9. cxd4 d5 10. e5 O-O 11. Nc3 Nf5 12. b3 b5 13. a4 b4 14. Ne2 f6 15. Bb2
Bd7 16. Ng3 Nxg3 17. hxg3 Qb6 18. Qd2 Rac8 19. Rac1 f5 20. Qd3 Nb8 21. Re2 Bh6
22. Rxc8 Rxc8 23. Rc2 Rc6 1/2-1/2

[Event "Liga Madrileña - DH 2012-2013"]
[Site "Madrid ESP"]
[Date "2013.01.20"]
[Round "6.31"]
[White "Alcazar Jimenez, Victor Manuel"]
[Black "Candela Perez, Jose"]
[Result "1-0"]
[WhiteElo "2373"]
[BlackElo "2393"]
[PlyCount "121"]
[EventDate "2012.11.18"]
[EventRounds "14"]
[EventCountry "ESP"]
[Source "lmi"]
[SourceDate "2012.11.18"]
[WhiteTeam "Blanco y Negro"]
[BlackTeam "Casa del Ajedrez"]
[WhiteTeamCountry "ESP"]
[BlackTeamCountry "ESP"]

1. c4 c6 2. g3 d5 3. b3 dxc4 4. bxc4 Qd4 5. Nc3 Qxc4 6. e4 Qc5 7. a4 Nd7 8. Bg2
e5 9. Nge2 Qa5 10. f4 Bb4 11. O-O Ngf6 12. Qc2 O-O 13. fxe5 Nxe5 14. d4 Ng6 15.
e5 Nd5 16. Ne4 Bg4 17. Bf3 Bxf3 18. Rxf3 c5 19. Bb2 cxd4 20. Bxd4 Rac8 21. Qb3
Nge7 22. Raf1 Qa6 23. Nf6+ gxf6 24. exf6 Ng6 25. R3f2 Qc4 26. Qf3 Rfd8 27. Rc1
Qxc1+ 28. Nxc1 Rxc1+ 29. Rf1 Rc4 30. Bf2 Rd6 31. Rd1 Nb6 32. Rxd6 Bxd6 33. a5
Nc8 34. h4 Bf8 35. Qxb7 Rc1+ 36. Kg2 Rc2 37. h5 Nd6 38. Qb3 Rd2 39. hxg6 hxg6
40. Kf3 a6 41. Be3 Nf5 42. Qc3 Rd5 43. Bb6 Nd6 44. g4 Rb5 45. Bd8 Rb7 46. Qc6
Rb3+ 47. Ke2 Nb5 48. Qe8 Nd4+ 49. Kd2 Rb8 50. Qd7 Bb4+ 51. Kd1 Bc3 52. Qe8+ Kh7
53. Qxf7+ Kh6 54. Qg7+ Kg5 55. f7+ Rxd8 56. f8=Q Rxf8 57. Qxf8 Nb5 58. Qc8 Bxa5
59. Qxa6 Nc3+ 60. Kc2 Bb4 61. Kb3 1-0

[Event "Liga Madrileña - DH 2012-2013"]
[Site "Madrid ESP"]
[Date "2013.01.20"]
[Round "6.32"]
[White "Gallego Jimenez, Victoriano"]
[Black "Martinez Lozano, Miguel Angel"]
[Result "1/2-1/2"]
[WhiteElo "2385"]
[BlackElo "2230"]
[PlyCount "151"]
[EventDate "2012.11.18"]
[EventRounds "14"]
[EventCountry "ESP"]
[Source "lmi"]
[SourceDate "2012.11.18"]
[WhiteTeam "Casa del Ajedrez"]
[BlackTeam "Blanco y Negro"]
[WhiteTeamCountry "ESP"]
[BlackTeamCountry "ESP"]

1. c4 Nf6 2. Nc3 g6 3. g3 Bg7 4. Bg2 O-O 5. Nf3 d6 6. O-O e5 7. d3 Nc6 8. Bg5
h6 9. Bxf6 Bxf6 10. Rb1 a5 11. a3 Bg7 12. b4 axb4 13. axb4 f5 14. Nd5 Be6 15.
Nd2 Rb8 16. Nb3 b6 17. b5 Ne7 18. Nxe7+ Qxe7 19. Na1 Qf7 20. Nc2 d5 21. Bxd5
Bxd5 22. cxd5 Qxd5 23. Ne3 Qf7 24. Qb3 Rfd8 25. Rfc1 Rd7 26. Rc6 Qxb3 27. Rxb3
Kf7 28. g4 fxg4 29. Nxg4 Ra8 30. Rbc3 Ra7 31. R3c4 h5 32. Ne3 Bf6 33. Kg2 Ke7
34. Nc2 Ra5 35. Rb4 Kf7 36. Ne3 Be7 37. Rb3 Bf6 38. Nc4 Ra2 39. Kf3 g5 40. Ra3
g4+ 41. Kg2 Rxa3 42. Nxa3 Kg6 43. Nc4 Kf5 44. Kf1 Kg5 45. Nd2 Be7 46. Ne4+ Kf5
47. Nc3 Kg5 48. Ne4+ Kf5 49. Rh6 h4 50. Nc3 Kg5 51. Rc6 Bd8 52. Re6 Kf5 53. Re8
Bg5 54. e4+ Kg6 55. Nd5 Rf7 56. Re6+ Kh5 57. Rxe5 Rf3 58. Rf5 Rxf5 59. exf5 Bd8
60. Nf4+ Kh6 61. Ne6 Be7 62. Nxc7 Bd6 63. Nd5 Bxh2 64. Nxb6 Kg5 65. Kg2 Bd6 66.
Nc4 Bb8 67. Ne3 h3+ 68. Kh1 g3 69. fxg3 Bxg3 70. b6 Bb8 71. b7 Kf6 72. d4 h2
73. Kg2 Kg5 74. Nd5 Kxf5 75. Ne7+ Ke6 76. Nc6 1/2-1/2

[Event "Liga Madrileña - DH 2012-2013"]
[Site "Madrid ESP"]
[Date "2013.01.20"]
[Round "6.33"]
[White "Garrido Olivares, Ricard"]
[Black "Elguezabal Varela, Daniel"]
[Result "1-0"]
[WhiteElo "2218"]
[BlackElo "2366"]
[PlyCount "89"]
[EventDate "2012.11.18"]
[EventRounds "14"]
[EventCountry "ESP"]
[Source "lmi"]
[SourceDate "2012.11.18"]
[WhiteTeam "Blanco y Negro"]
[BlackTeam "Casa del Ajedrez"]
[WhiteTeamCountry "ESP"]
[BlackTeamCountry "ESP"]

1. Nf3 d5 2. d4 Nf6 3. c4 c6 4. Nc3 dxc4 5. a4 Bf5 6. e3 e6 7. Bxc4 Bb4 8. O-O
O-O 9. Qe2 Bg6 10. e4 Bxc3 11. bxc3 Nxe4 12. Ba3 Re8 13. Rac1 Nd7 14. Ne5 Nxe5
15. dxe5 Qd2 16. Rfd1 Qxe2 17. Bxe2 Rad8 18. c4 Rxd1+ 19. Bxd1 Rd8 20. f3 Nc3
21. Rxc3 Rxd1+ 22. Kf2 Rd2+ 23. Kg3 h5 24. Rb3 h4+ 25. Kh3 Bf5+ 26. g4 hxg3+
27. Kxg3 Rd7 28. a5 Bd3 29. Rc3 b6 30. Bd6 Bf5 31. axb6 axb6 32. Rb3 Rb7 33.
Bc5 b5 34. cxb5 cxb5 35. Bd6 Bc2 36. Rc3 Bd1 37. Bb4 Be2 38. h4 Bc4 39. Ra3 Bd5
40. Kf4 Kh7 41. Rc3 Kg6 42. Ra3 Kh5 43. Ra8 Kg6 44. Rh8 f6 45. h5+ 1-0

[Event "Liga Madrileña - DH 2012-2013"]
[Site "Madrid ESP"]
[Date "2013.01.20"]
[Round "6.34"]
[White "Suarez Uriel, Adrian"]
[Black "Mena Borras, Mario"]
[Result "1-0"]
[WhiteElo "2241"]
[BlackElo "2098"]
[PlyCount "71"]
[EventDate "2012.11.18"]
[EventRounds "14"]
[EventCountry "ESP"]
[Source "lmi"]
[SourceDate "2012.11.18"]
[WhiteTeam "Casa del Ajedrez"]
[BlackTeam "Blanco y Negro"]
[WhiteTeamCountry "ESP"]
[BlackTeamCountry "ESP"]

1. e4 e6 2. d4 d5 3. Nd2 Nf6 4. e5 Nfd7 5. Bd3 c5 6. c3 b6 7. Ne2 Ba6 8. Bxa6
Nxa6 9. O-O Be7 10. f4 f5 11. exf6 Bxf6 12. Nf3 O-O 13. Ne5 Nxe5 14. fxe5 Be7
15. Nf4 Nc7 16. Qg4 Qd7 17. Be3 Rf5 18. Rf3 Rg5 19. Qh3 Rf8 20. Raf1 Rgf5 21.
Qg4 cxd4 22. cxd4 Bg5 23. Nxd5 Qxd5 24. Qxg5 Rxf3 25. Rxf3 Rxf3 26. gxf3 Nb5
27. Qg4 Qxa2 28. Kg2 Qd5 29. Bh6 Qd7 30. d5 Nc7 31. d6 Ne8 32. Bg5 g6 33. Be7
Ng7 34. Qe4 Qc8 35. Kh3 Nf5 36. d7 1-0

[Event "Liga Madrileña - DH 2012-2013"]
[Site "Madrid ESP"]
[Date "2013.01.20"]
[Round "6.35"]
[White "Aguado Solana, Juan"]
[Black "Unciti Juan, Javier"]
[Result "1-0"]
[WhiteElo "2082"]
[BlackElo "2196"]
[PlyCount "59"]
[EventDate "2012.11.18"]
[EventRounds "14"]
[EventCountry "ESP"]
[Source "lmi"]
[SourceDate "2012.11.18"]
[WhiteTeam "Blanco y Negro"]
[BlackTeam "Casa del Ajedrez"]
[WhiteTeamCountry "ESP"]
[BlackTeamCountry "ESP"]

1. e4 e6 2. d4 d5 3. e5 c5 4. c3 Nc6 5. Nf3 Qb6 6. a3 c4 7. Nbd2 Na5 8. b4 cxb3
9. Rb1 Bd7 10. Nxb3 Ba4 11. Nfd2 Rc8 12. Qc2 Qc7 13. Bb2 Nc4 14. Bc1 Na5 15.
Bb2 Ne7 16. Ba1 Nf5 17. Qa2 Nc4 18. Bd3 Nh4 19. O-O Qe7 20. g3 Qg5 21. Kh1 Bxb3
22. Qxb3 Nxd2 23. Qxb7 Kd8 24. Ba6 Bb4 25. Qxc8+ Ke7 26. Qc7+ Kf8 27. Rxb4 g6
28. f4 Qf5 29. Qd8+ Kg7 30. Qf6+ 1-0

[Event "Liga Madrileña - DH 2012-2013"]
[Site "Madrid ESP"]
[Date "2013.01.20"]
[Round "6.36"]
[White "Collado Barbas, Laura"]
[Black "Rivera Leon, Mauro Arturo"]
[Result "0-1"]
[WhiteElo "2151"]
[BlackElo "2082"]
[PlyCount "96"]
[EventDate "2012.11.18"]
[EventRounds "14"]
[EventCountry "ESP"]
[Source "lmi"]
[SourceDate "2012.11.18"]
[WhiteTeam "Casa del Ajedrez"]
[BlackTeam "Blanco y Negro"]
[WhiteTeamCountry "ESP"]
[BlackTeamCountry "ESP"]

1. d4 Nf6 2. c4 c5 3. d5 b5 4. cxb5 a6 5. bxa6 g6 6. Nc3 Bxa6 7. Nf3 d6 8. g3
Bg7 9. Bg2 Nbd7 10. Rb1 Qa5 11. Bd2 O-O 12. O-O Rfb8 13. a4 Ng4 14. Qc2 Nge5
15. Nxe5 Nxe5 16. b3 Rb7 17. Ne4 Qd8 18. Rfe1 Rab8 19. Bc3 Qb6 20. Rb2 Nd7 21.
Reb1 Bxc3 22. Nxc3 Ne5 23. Ra2 Qa5 24. Bf1 c4 25. Rab2 cxb3 26. Rxb3 Rxb3 27.
Rxb3 Rc8 28. Qb2 Nc4 29. Qa1 Nd2 30. Ra3 Qb4 31. Nb5 Nb3 32. Qb2 Rc1 33. Rxb3
Qe1 34. Kg2 Qxf1+ 35. Kf3 Qh1+ 36. Ke3 Qxd5 37. Nc3 Qe5+ 38. Kd2 Rf1 39. Rb8+
Kg7 40. Qb6 Bc4 41. f4 Qf6 42. a5 d5 43. Qc5 Ra1 44. Nxd5 Ra2+ 45. Ke3 Rxe2+
46. Kf3 Qa1 47. Ne3 Qh1+ 48. Kg4 h5+ 0-1

[Event "Liga Madrileña - DH 2012-2013"]
[Site "Madrid ESP"]
[Date "2013.01.20"]
[Round "6.41"]
[White "Vazquez Igarza, Renier"]
[Black "Pilgaard, Kim"]
[Result "1-0"]
[WhiteElo "2565"]
[BlackElo "2432"]
[PlyCount "57"]
[EventDate "2012.11.18"]
[EventRounds "14"]
[EventCountry "ESP"]
[Source "lmi"]
[SourceDate "2012.11.18"]
[WhiteTeam "Collado Villalba"]
[BlackTeam "Cafe Comercial"]
[WhiteTeamCountry "ESP"]
[BlackTeamCountry "ESP"]

1. d4 Nf6 2. c4 g6 3. Nc3 d5 4. Bf4 Bg7 5. e3 O-O 6. Nf3 c5 7. dxc5 Qa5 8. Rc1
dxc4 9. Bxc4 Qxc5 10. Bb3 Qa5 11. O-O Nc6 12. h3 Bf5 13. Qe2 Ne4 14. g4 Nxc3
15. bxc3 Bd7 16. Rfd1 Rad8 17. Rd5 Qa3 18. Rcd1 Be6 19. Rxd8 Nxd8 20. Qb5 Bxb3
21. axb3 a6 22. Qb6 Ne6 23. Be5 Ng5 24. Nxg5 Bxe5 25. Ne6 fxe6 26. Qxe6+ Kg7
27. Qxe5+ Kh6 28. g5+ Kh5 29. Qg3 1-0

[Event "Liga Madrileña - DH 2012-2013"]
[Site "Madrid ESP"]
[Date "2013.01.20"]
[Round "6.42"]
[White "Ortega Ruiz, Jose Miguel"]
[Black "Moreno Ruiz, Javier"]
[Result "1/2-1/2"]
[WhiteElo "2323"]
[BlackElo "2492"]
[PlyCount "91"]
[EventDate "2012.11.18"]
[EventRounds "14"]
[EventCountry "ESP"]
[Source "lmi"]
[SourceDate "2012.11.18"]
[WhiteTeam "Cafe Comercial"]
[BlackTeam "Collado Villalba"]
[WhiteTeamCountry "ESP"]
[BlackTeamCountry "ESP"]

1. Nf3 Nf6 2. d4 g6 3. c4 Bg7 4. Nc3 O-O 5. e4 d6 6. Be2 Na6 7. Be3 e5 8. d5
Ng4 9. Bg5 f6 10. Bh4 c5 11. dxc6 bxc6 12. Nd2 Nh6 13. Nb3 Be6 14. c5 Nxc5 15.
Nxc5 dxc5 16. Qc2 g5 17. Bg3 f5 18. f3 g4 19. Rd1 Qe7 20. Na4 gxf3 21. Bxf3
fxe4 22. Bxe4 Nf5 23. Bf2 Nd4 24. Qxc5 Qxc5 25. Nxc5 Bxa2 26. Be3 Bd5 27. Bxd5+
cxd5 28. Bxd4 exd4 29. Rf1 Rfe8+ 30. Kd2 Rab8 31. Rb1 Bh6+ 32. Kd3 Rb4 33. Rf3
Re3+ 34. Rxe3 dxe3 35. b3 Rf4 36. Rb2 Rf1 37. Ra2 Rc1 38. Nd7 Kf7 39. Ne5+ Ke6
40. Ng4 Bg5 41. Rxa7 Kf5 42. Nxe3+ Bxe3 43. Kxe3 Rc3+ 44. Kd4 Rxb3 45. Rxh7 Rb2
46. Kxd5 1/2-1/2

[Event "Liga Madrileña - DH 2012-2013"]
[Site "Madrid ESP"]
[Date "2013.01.20"]
[Round "6.43"]
[White "Reyes Larena, Juan"]
[Black "Arruebarrena, Rafael"]
[Result "1-0"]
[WhiteElo "2441"]
[BlackElo "2245"]
[PlyCount "59"]
[EventDate "2012.11.18"]
[EventRounds "14"]
[EventCountry "ESP"]
[Source "lmi"]
[SourceDate "2012.11.18"]
[WhiteTeam "Collado Villalba"]
[BlackTeam "Cafe Comercial"]
[WhiteTeamCountry "ESP"]
[BlackTeamCountry "ESP"]

1. e4 c5 2. Nf3 e6 3. c3 Nf6 4. Bd3 d5 5. e5 Nfd7 6. Bc2 Nc6 7. d4 Qb6 8. O-O
Be7 9. a3 f6 10. exf6 Nxf6 11. b4 cxd4 12. cxd4 a5 13. b5 Qxb5 14. Nc3 Qb6 15.
Rb1 Qd8 16. Re1 O-O 17. Ng5 Bd6 18. Nxe6 Bxe6 19. Rxe6 Qd7 20. Bf5 Ne4 21. Bxe4
dxe4 22. d5 Nd8 23. Rxe4 Bxh2+ 24. Kxh2 Qc7+ 25. Kg1 Qxc3 26. Rb3 Qc7 27. d6
Qc6 28. Re7 Rc8 29. Bb2 Nf7 30. Qd4 1-0

[Event "Liga Madrileña - DH 2012-2013"]
[Site "Madrid ESP"]
[Date "2013.01.20"]
[Round "6.44"]
[White "Castellanos Vazquez, Jorge"]
[Black "Garrido Dominguez, Jesus"]
[Result "0-1"]
[WhiteElo "2191"]
[BlackElo "2400"]
[PlyCount "90"]
[EventDate "2012.11.18"]
[EventRounds "14"]
[EventCountry "ESP"]
[Source "lmi"]
[SourceDate "2012.11.18"]
[WhiteTeam "Cafe Comercial"]
[BlackTeam "Collado Villalba"]
[WhiteTeamCountry "ESP"]
[BlackTeamCountry "ESP"]

1. e4 c5 2. Nf3 Nc6 3. Bb5 g6 4. O-O Bg7 5. Re1 e5 6. Bxc6 dxc6 7. d3 Qe7 8.
Bg5 Nf6 9. Nbd2 h6 10. Bh4 Qc7 11. Nc4 Nh5 12. Bg3 Nxg3 13. hxg3 Be6 14. Qd2 b5
15. Qa5 O-O-O 16. Qa6+ Kb8 17. Ne3 f5 18. Nh4 f4 19. Nd5 Qd6 20. Nc3 Bf6 21.
Nf3 fxg3 22. fxg3 Bc8 23. Qa5 h5 24. Ne2 Rde8 25. Rf1 b4 26. a3 Bd8 27. Qa4 Bb6
28. Rad1 c4+ 29. Kh2 h4 30. gxh4 Qe7 31. g3 Qe6 32. Neg1 g5 33. Qxb4 cxd3 34.
Rxd3 gxh4 35. Nxh4 Qg4 36. Qd6+ Ka8 37. Qxc6+ Bb7 38. Qd7 Qxe4 39. Rdf3 Qxc2+
40. Kh1 Qxb2 41. a4 Reg8 42. Qh3 a5 43. Qh2 Qb4 44. Qc2 Rxh4+ 45. gxh4 Rxg1+
0-1

[Event "Liga Madrileña - DH 2012-2013"]
[Site "Madrid ESP"]
[Date "2013.01.20"]
[Round "6.45"]
[White "Pastor Alonso de Prado, Alberto"]
[Black "Hinojar Diez, David"]
[Result "1-0"]
[WhiteElo "2143"]
[BlackElo "2172"]
[PlyCount "68"]
[EventDate "2012.11.18"]
[EventRounds "14"]
[EventCountry "ESP"]
[Source "lmi"]
[SourceDate "2012.11.18"]
[WhiteTeam "Collado Villalba"]
[BlackTeam "Cafe Comercial"]
[WhiteTeamCountry "ESP"]
[BlackTeamCountry "ESP"]

1. e4 c5 2. c3 d6 3. d4 cxd4 4. cxd4 Nf6 5. Nc3 e6 6. Nf3 Be7 7. Bd3 O-O 8. O-O
Nc6 9. Re1 e5 10. d5 Nb4 11. Bf1 b6 12. a3 Na6 13. b4 Nb8 14. h3 a6 15. Be3
Nbd7 16. g3 Bb7 17. Nd2 Rc8 18. Rc1 g6 19. Bh6 Re8 20. Be2 Kh8 21. Bg4 Nxg4 22.
hxg4 Bg5 23. Bxg5 Qxg5 24. Qe2 Nf6 25. Nc4 Rcd8 26. Qe3 Qxg4 27. Nxb6 Nh5 28.
Ne2 Re7 29. Kg2 f6 30. Rc3 Bc8 31. Rh1 Nf4+ 32. Nxf4 exf4 33. Qd4 f3+ 34. Kg1
Qxe4 1-0

[Event "Liga Madrileña - DH 2012-2013"]
[Site "Madrid ESP"]
[Date "2013.01.20"]
[Round "6.46"]
[White "Galan Fernandez, Felix"]
[Black "Bote Alvarez-Carrasco, Valentin"]
[Result "1/2-1/2"]
[WhiteElo "2004"]
[BlackElo "2130"]
[PlyCount "58"]
[EventDate "2012.11.18"]
[EventRounds "14"]
[EventCountry "ESP"]
[Source "lmi"]
[SourceDate "2012.11.18"]
[WhiteTeam "Cafe Comercial"]
[BlackTeam "Collado Villalba"]
[WhiteTeamCountry "ESP"]
[BlackTeamCountry "ESP"]

1. e4 e5 2. Nf3 Nc6 3. Bb5 a6 4. Ba4 Nf6 5. O-O Be7 6. Re1 b5 7. Bb3 d6 8. c3
O-O 9. h3 Bb7 10. d4 Re8 11. Nbd2 Bf8 12. dxe5 Nxe5 13. Nxe5 dxe5 14. Qf3 c5
15. Nf1 c4 16. Bc2 Qb6 17. Be3 Bc5 18. Bxc5 Qxc5 19. Rad1 Rad8 20. Ng3 Qb6 21.
Nf5 g6 22. Ng3 Rxd1 23. Rxd1 Rd8 24. Kf1 Rd6 25. Ke1 Kg7 26. Rxd6 Qxd6 27. Qe3
h6 28. Qd2 Ne8 29. Qxd6 Nxd6 1/2-1/2

[Event "Liga Madrileña - DH 2012-2013"]
[Site "Madrid ESP"]
[Date "2013.01.27"]
[Round "7.11"]
[White "Pilgaard, Kim"]
[Black "Adan Bermudez, Sergio"]
[Result "0-1"]
[WhiteElo "2432"]
[BlackElo "2285"]
[PlyCount "116"]
[EventDate "2012.11.18"]
[EventRounds "14"]
[EventCountry "ESP"]
[Source "lmi"]
[SourceDate "2012.11.18"]
[WhiteTeam "Cafe Comercial"]
[BlackTeam "Pueblo Nuevo"]
[WhiteTeamCountry "ESP"]
[BlackTeamCountry "ESP"]

1. e4 c5 2. Nf3 Nc6 3. d4 cxd4 4. Nxd4 Nf6 5. Nc3 e5 6. Ndb5 h6 7. Nd6+ Bxd6 8.
Qxd6 Qe7 9. Qxe7+ Kxe7 10. b3 d6 11. Ba3 a6 12. O-O-O Rd8 13. Bc4 Be6 14. Nd5+
Bxd5 15. Bxd5 Rac8 16. Rd2 b5 17. Re1 a5 18. f3 Nb4 19. Kb1 Nbxd5 20. exd5 b4
21. Bb2 g5 22. g3 Rc5 23. f4 gxf4 24. gxf4 Rxd5 25. Rxd5 Nxd5 26. fxe5 Kd7 27.
exd6 Kxd6 28. Be5+ Kd7 29. Bg7 Rg8 30. Bxh6 Rh8 31. Bg7 Rxh2 32. Rd1 Kc6 33.
Rf1 Ne3 34. Rxf7 Nxc2 35. Bb2 Ne3 36. Ra7 Rh1+ 37. Bc1 Kb6 38. Rd7 Nd1 39. Kc2
Nc3 40. a4 Kc6 41. Rd2 Ne4 42. Rg2 Kd5 43. Bb2 Rh3 44. Bg7 Nc5 45. Rg5+ Kc6 46.
Rg6+ Kb7 47. Bd4 Rh2+ 48. Kd1 Nxb3 49. Be3 Ra2 50. Rb6+ Kc7 51. Rb5 Kc6 52. Re5
Rxa4 53. Kc2 Na1+ 54. Kb2 b3 55. Rc5+ Kd6 56. Rc1 Ra2+ 57. Kc3 a4 58. Kb4 Nc2+
0-1